00209nam a2200085Ia 4500008004100000020001600041082001200057100001900069245003500088220714s9999 xx 000 0 und d a0 798132140 aAKF MEN aMENNEN, INGRID 0aN RONDE MAAN EN 'N STER VIR MY